| 000 -LEADER |
| fixed length control field |
01812nam a22001577a 4500 |
| 008 - FIXED-LENGTH DATA ELEMENTS--GENERAL INFORMATION |
| fixed length control field |
210727b ||||| |||| 00| 0 eng d |
| 100 ## - MAIN ENTRY--PERSONAL NAME |
| Personal name |
Polischuk, Luciana and Fay, Daniel L. |
| 245 ## - TITLE STATEMENT |
| Title |
Administrative response to consequences of Covid-19 emergency responses: Observations and implications from gender-based violence in Argentina |
| 260 ## - PUBLICATION, DISTRIBUTION, ETC. (IMPRINT) |
| Place of publication, distribution, etc |
American Review of Public Administration |
| 300 ## - PHYSICAL DESCRIPTION |
| Extent |
50(6-7), Aug-Oct, 2020: p.675-684 |
| 520 ## - SUMMARY, ETC. |
| Summary, etc |
Many governments across the globe enacted mandatory stay-at-home orders to slow the spread of the COVID-19 pandemic. One of the many consequences of these governmental protection orders is to confine potential perpetrators and victims of gender-based violence in close proximity thereby reducing the opportunity for survivors to report abuse and get assistance. In this essay, we describe the multilevel governmental response in Argentina to address gender-based violence during the first month of mandatory stay-at-home order amid the COVID-19 pandemic of 2020. National and provincial governments enacted innovative and coordinated responses to gender-based violence that targeted systemic causes of gender-based violence, ensured continuity of existing services, and generated new communication strategies to allow nonverbal reporting during the pandemic. The Argentinean example suggests that governmental organizations should consider the gendered effects of government responses to emergencies and respond through a multilevel and cross-sectoral response to protect groups disproportionately affected by the crisis and resulting policy. – Reproduced |
| 650 ## - SUBJECT ADDED ENTRY--TOPICAL TERM |
| Topical term or geographic name as entry element |
Gender, Violence, COVID-19, Emergency management, Implementation |
| 9 (RLIN) |
25809 |
| 773 ## - HOST ITEM ENTRY |
| Main entry heading |
American Review of Public Administration |
| 906 ## - LOCAL DATA ELEMENT F, LDF (RLIN) |
| Subject DIP |
COVID 19 PANDEMIC |
| 942 ## - ADDED ENTRY ELEMENTS (KOHA) |
| Item type |
Articles |